Estadísticas para españa

Haz click aquí para tomar la prueba!

Estadísticas generales

  • Esta prueba ha sido tomada 240 veces
  • La puntuación promedio es 9 de 15

Estadísticas de respuestas

PreguntaRespuesta% Correcto
cual es la capitalmadrid
100%
cual es la persona mas popular de españaRafa Nadal
91%
cual es el youtuber mas famoso de españaElRubiusOMG
84%
cual es el nombre mas usado en españadaniel
80%
cual es el mejor monumento de españala alhambra
80%
cual es el numero de emergencias112
76%
cuantas personas viven en españa46,72 millones
76%
como se dice bilbao en euskerabilbo
67%
cual fue el primer rey de españa hablando de todos los reinoscarlos I
54%
cual es el partido politico mas importante de españaPSOE
53%
cual es el rio mas largo de españario tajo
40%
en que ciudad esta el palacio de la infantazaragoza
34%
cual es el color mas usado en españablanco
23%
en que ciudad esta la puerta de europamadrid
21%
cual es el juego mas jugado en españaleague of legends
11%

Distribución de puntuación

Porcentaje por número respondido

Porcentaje de gente con cada puntuación

Historial de tus puntuaciones

No has tomado esta prueba